MARC

LEADER 00000nam0a2200000 4500
001 301661
005 20231102001425.0
020 |a RU  |b 83-34243 
035 |a (RuTPU)RU\TPU\book\326837 
090 |a 301661 
100 |a 20150812d1983 km y0rusy5003 ca 
101 0 |a rus 
102 |a RU 
105 |a y z 001zy 
200 1 |a МАКРОКОД-81  |e (Описание языка)  |f В. М. Михелев, В. П. Стефанов  |g Академия наук СССР (АН СССР), Институт прикладной математики им. М. В. Келдыша (ИПМ) 
210 |a Москва  |c Изд-во ИПМ  |d 1983 
215 |a 84 с. 
320 |a Библиогр.: с. 84 
606 1 |a Языки программирования  |2 stltpush  |3 (RuTPU)RU\TPU\subj\65957  |9 82264 
610 1 |a МАКРОКОД-81 
610 1 |a микропроцессоры 
610 1 |a средства 
610 1 |a лексика 
610 1 |a типы 
610 1 |a описание 
610 1 |a объекты 
610 1 |a объекты 
610 1 |a операторы 
610 1 |a терминальные предложения 
610 1 |a листинг 
675 |a 681.3.06:800.92  |z rus  |v 3 
700 1 |a Михелев  |b В. М.  |4 070 
701 1 |a Стефанов  |b В. П.  |4 070 
712 0 2 |a Академия наук СССР (АН СССР)  |b Институт прикладной математики им. М. В. Келдыша (ИПМ)  |c (Москва)  |2 stltpush  |3 (RuTPU)RU\TPU\col\12475 
801 0 |a RU  |b RuMRKP  |c 19950704  |g psbo 
801 1 |a RU  |b 63413507  |c 20150812 
801 2 |a RU  |b 63413507  |c 20190313  |g RCR 
942 |c BK